| 000 | 00438nam a22001697a 4500 | ||
|---|---|---|---|
| 003 | NUST - PNEC | ||
| 005 | 20170116181032.0 | ||
| 008 | 150919b xxu||||| |||| 00| 0 eng d | ||
| 020 | _a- | ||
| 040 | _cLIBRARY | ||
| 082 | _a621.4021 MAT | ||
| 100 |
_911136 _aMathur, M.L. |
||
| 245 |
_aProblems in thermodynamics : applied to heat engines _cM.L. Mathur |
||
| 260 | _cc.1961 | ||
| 650 |
_911139 _aThermodynamics _xME |
||
| 942 |
_2ddc _cBK |
||
| 999 |
_c67770 _d67770 |
||